| 000 | 00765nam a2200241Ia 4500 | ||
|---|---|---|---|
| 003 | OSt | ||
| 005 | 20220926013759.0 | ||
| 006 | a|||||r|||| 00| 0 | ||
| 007 | ta | ||
| 008 | 220923b |||||||| |||| 00| 0 eng d | ||
| 037 | _cGeneral Book | ||
| 040 |
_aRTL _cRTL _beng |
||
| 041 |
_2eng _aeng |
||
| 082 | _aXM5:6, L7 | ||
| 100 |
_aBierman Harold _913251 |
||
| 245 | 0 | _aDecision making and planning for the corporate tresure | |
| 260 |
_aNew York _bJohn Wiley & Sons USA _c1977 |
||
| 300 |
_axi,195p _ccm. |
||
| 490 | _aWiley Series on Systems and Controls for Financial Management Ed by Robert L Shultl and Frank M Mastromane | ||
| 650 | _aJoint Stock Company | ||
| 942 |
_hXM5:6, L7 _cGB _2CC |
||
| 999 |
_c626804 _d626804 |
||